00451nam a2200157Ia 45000010006000000050017000060080041000230410008000640820016000721000036000882450116001242600009002403000028002496500008002776540008002852425620260414151031.0260414t2012||||xx |||||||||||||| ||spa|| aESP a345.2bB135 aBenavente Chorres, HesberteAUT 0aCalificación de las denuncias penales :bproblemas y criterios para determinar su procedencia o archivamiento c2012 a219 páginas :c24 cm. aDER aCDE